Muğla Belediyesi (Record no. 656)

MARC details
000 -BAŞLIK
Sabit Uzunlukta Kontrol Alanı 00709na a2200217 4500
001 - KONTROL NUMARASI
Denetim Alanı 17131
003 - KONTROL NUMARASI IDENTIFIER
Denetim Alanı MIRAKIL
005 - SON İŞLEM TARİHİ VE ZAMANI
Denetim Alanı 20181213154756.0
008 - SABİT-BOY VERİ ELEMANLARI - GENEL BİLGİLER
Sabit Uzunlukta Kontrol Alanı 161024b tu 000 0
040 ## - KATALOGLAMA KAYNAK
Orijinal Kataloglama Ajansı Milas
Kataloglama Dili tur
Metne Dönüştürmek Ajansı TR-AnCHP
041 ## - DİL KODU
Metin / Ses Parça Veya Ayrı Başlığın Dil Kodu tur
082 ## - DEWEY ONLU SINIFLANDIRMA NUMARASI
Sınıflandırma Numarası CHP 352.0956214
Ürün Numarası M83 2010
090 ## - SINIFLAMA NUMARASI
Sınıflama Numarası CHP 352.0956214 M83 2010
245 ## - BAŞLIK TABLOSU
Başlık Muğla Belediyesi
Sorumluluk Tablosu, Vb Muğla Belediyesi
260 ## - YAYIN, DAĞITIM, VB
Yayın, Dağıtım, Vb Yeri [Muğla]
Yayıncı, Dağıtıcı, Vs Adı [yayl. y.]
Yayın, Dağıtım, Vb Tarihi 2010
300 ## - FİZİKSEL TANIM
Kapsam [28 s.]
Diğer Fiziksel Ayrıntıları fotg.
Boyutlar 30 sm. + 1 CD
500 ## - GENEL NOT
Genel Not Muğla Belediyesi katlı otopark hizmete açılışı ve Muğla ziyareti anısına
600 ## - KONU KATMA GİRİŞ - KURUMSAL ADI
Kişisel Ad Kılıçdaroğlu, Kemal
Genel Alt Bölümü Açılışlar
Kronolojik Alt Bölümü Fotoğraflar
610 ## - KONU KATMA GİRİŞ - TOPLANTI ADI
Giriş Elemanı Olarak Kurumsal Ad Veya Yargı Alanı Adı Muğla Belediyesi
Genel Alt Bölüm Açılışlar
Kronolojik Alt Bölüm Fotoğraflar
942 ## - EKLENDİ GİRİŞ ELEMANLARI (KOHA)
Sınıflandırma Veya Raf Düzeni Kaynak Dewey Decimal Classification
Koha Öğesi Türü Books
999 ## - SİSTEM KONTROL NUMARALARI (KOHA)
Koha Biblionumber 656
Koha Biblioitemnumber 656
Holdings
Kalıcı Konum Mevcut Konum Edinme Tarihi Edinim Kaynak Toplam Check-Out'Lar Tam Çağrı Numarası Barkod Tarih Son Görülme İtibaren Geçerli Fiyatlar Koha Öğesi Türü
CHP Kütüphanesi CHP Kütüphanesi 10/22/2016 Bağış   CHP 352.0956214 M83 2010 007056 10/22/2016 10/22/2016 Books